Countries by Sights - Statistics

General Stats
  • This quiz has been taken 148 times
  • The average score is 11 of 20
Answer Stats
Picture Answer % Correct
Brazil
96%
Greece
95%
Australia
83%
Japan
83%
United States
79%
Denmark
77%
Spain
77%
United Arab Emirates
75%
Cambodia
69%
Tanzania
62%
United Kingdom
61%
Belgium
49%
Zambia/Zimbabwe
40%
China
35%
Russia
34%
France
33%
Jordan
30%
Ireland
22%
Romania
15%
Afghanistan
6%
No matching quizzes found
Score Distribution
Percent of People with Each Score
Percentile by Number Answered
Your Score History
You have not taken this quiz